Recuperación de metales en los procesos electrolíticos

Saved in:
Bibliografiske detaljer
Hovedforfatter: Fischer, G (Author)
Format: Bog
Sprog:spansk
Udgivet: Barcelona Ediciones CEDEL 1982
Udgivelse:1a. ed
Fag:
Tags: Tilføj Tag
Ingen Tags, Vær først til at tagge denne postø!

MARC

LEADER 00000cam a2200000 a 4500
001 UCC6706
003 CL-VaPUC
008 190103e19820000sp |||||||||||||||||spa|d
020 |a 8435205517 
082 0 4 |a 660.26  |b FIS  |2 21 
100 0 |a Fischer, G  |e author  |9 601169 
245 1 0 |a Recuperación de metales en los procesos electrolíticos 
250 |a 1a. ed 
300 |a 32 p 
942 |c BK 
945 |d 20190103 17:32:00  |a dcastane 
260 |a Barcelona  |b Ediciones CEDEL  |c 1982 
650 7 |a INDUSTRIA QUIMICA  |2 CL-VaPUC  |9 601170 
650 0 |a Industria minera  |9 260256 
650 7 |a RECUPERACION  |2 CL-VaPUC  |9 431687 
583 |a last modification  |c 20190103 17:32:00  |k Rodrigo Vera 
999 |c 373573  |d 373571 
952 |0 0  |1 0  |3 erb  |4 0  |6 660_260000000000000_FIS_1982  |7 0  |8 A  |9 491764  |a BIBING  |b BIBING  |i 552699K  |o 660.26 FIS 1982  |p 552699K  |r 2025-01-20  |w 2019-11-24  |y BK  |z Catalogado en:20190103  |k EIQ